000
00335nam a22001457a 4500
008
210225b ||||| |||| 00| 0 eng d
020
_a
9780495907428
041
_a
eng
080
_2
9th
_a
82
082
_a
82
100
_a
21
101
_a
GJL
245
_a
Evergreen a Guide to Writing with Readings
_c
Fawcett, S
942
_2
udc
_c
BK
999
_c
55241
_d
55241